[Event "56th Rubinstein Memorial D 2020"]
[Site "Polanica Zdroj"]
[Date "2020.08.22"]
[Round "8.3"]
[White "Kozlowski, Pawel"]
[Black "Wawrzyniak, Pawel"]
[Result "1-0"]
[WhiteElo "1913"]
[BlackElo "1824"]
[Annotator "ChessBase"]
[PlyCount "37"]
[EventDate "2020.08.15"]
[EventType "swiss"]
[EventCountry "POL"]
[SourceTitle "playchess.com"]
[Source "ChessBase"]
[SourceQuality "1"]
[TimeControl "40/5400+30:1800+30"]

1. e4 {[%emt 0:04:57]} e5 {[%emt 0:00:00]} 2. Nf3 {[%emt 0:00:06]} Nc6 {[%emt 0:00:00]} 3. c3 {[%emt 0:00:09]} d5 {[%emt 0:07:00]} 4. Qa4 {[%emt 0:00:08]} Qd6 {[%emt 0:35:24]} 5. Bb5 {[%emt 0:11:21]} Bd7 {[%emt 0:01:10]} 6. exd5 {[%emt 0:03:00]} Qxd5 {[%emt 0:00:32]} 7. d4 {[%emt 0:03:01]} exd4 {[%emt 0:19:09]} 8. cxd4 {[%emt 0:07:28]} Bb4+ {[%emt 0:06:04]} 9. Bd2 {[%emt 0:10:33]} Bxd2+ {[%emt 0:07:50]} 10. Nbxd2 {[%emt 0:00:09]} Nge7 {[%emt 0:01:26]} 11. O-O {[%emt 0:04:31]} O-O {[%emt 0:00:15]} 12. Rfe1 {[%emt 0:08:47]} Qh5 {[%emt 0:07:40]} 13. Rxe7 {[%emt 0:10:50]} Nxe7 {[%emt 0:00:02]} 14. Bxd7 {[%emt 0:00:08]} c6 {[%emt 0:01:15]} 15. Qb4 {[%emt 0:02:17]} Nd5 {[%emt 0:03:19]} 16. Qxb7 {[%emt 0:00:08]} Rab8 {[%emt 0:01:13]} 17. Qxc6 {[%emt 0:01:13]} Rb6 {[%emt 0:00:50]} 18. Qc5 {[%emt 0:04:40]} Rg6 {[%emt 0:02:57]} 19. Re1 {[%emt 0:00:56]} 1-0

[Event "56th Rubinstein Memorial D 2020"]
[Site "Polanica Zdroj"]
[Date "2020.08.22"]
[Round "8.4"]
[White "Podgorski, Maciej"]
[Black "Darowicki, Mariusz"]
[Result "0-1"]
[WhiteElo "1810"]
[BlackElo "1950"]
[Annotator "TA"]
[PlyCount "102"]
[EventDate "2020.08.15"]
[EventType "swiss"]
[EventCountry "POL"]
[SourceTitle "playchess.com"]
[Source "ChessBase"]
[SourceQuality "1"]

{[%evp 20,102,38,33,102,98,94,97,85,85,85,78,78,81,108,102,103,107,154,154,152,135,170,166,173,58,62,50,68,98,158,168,174,161,160,15,14,11,17,8,86,86,86,54,58,0,0,0,0,-78,-25,-112,-112,-115,-114,-112,-112,-112,29,-112,179,-112,-112,-245,-317,-289,0,0,0,0,0,0,0,-1472,-1466,-1364,-1345,-4614,-4610,-29981,-29982,-29993,-29993,-29995,-29996]} 1. e4 c5 2. Nf3 e6 3. d4 cxd4 4. Nxd4 Nf6 5. Nc3 Nc6 6. Ndb5 d6 7. Bf4 e5 8. Bg5 a6 9. Bxf6 gxf6 10. Na3 Be6 {10...f5 gains popularity.} 11. Nd5 Bxd5 {B33: Sicilian: Pelikan and Sveshnikov Variations.} (11... f5 $14) 12. Qxd5 $16 Qa5+ 13. Qxa5 Nxa5 {White is better.} 14. Nc4 Nxc4 15. Bxc4 Rc8 {[#]} 16. Bb3 $146 ({Predecessor:} 16. Bd3 f5 17. O-O-O f4 18. g4 h5 19. h3 Be7 20. gxh5 Rxh5 21. Be2 Rh6 22. Bg4 Rc7 23. f3 {½-½ (51) Nagy,S (1696)-Revesz,B (2006) Hungary 2009}) 16... Bh6 17. c3 Rg8 18. g3 b5 19. a4 b4 20. cxb4 Ke7 21. Ke2 f5 22. Bd5 (22. exf5 $18 {Black must now prevent b5.} d5 23. Bxd5) 22... Rc2+ $14 23. Kf3 Rb8 24. b5 $1 fxe4+ ({Black should try} 24... axb5 25. a5 (25. exf5 Rd2 $11) 25... fxe4+ 26. Bxe4 {[%mdl 64] Double Attack} Rxb2) 25. Bxe4 $16 {[%mdl 64] Double Attack} Rxb2 26. bxa6 f5 27. Bd5 (27. Bxf5 $16 R2b3+ 28. Kg2) 27... e4+ $11 28. Kg2 Be3 $1 29. Rhf1 Rc8 (29... R8b4 $1 $11) 30. Rab1 $16 Rcc2 31. Rxb2 Rxb2 {[%mdl 4096] Endgame KRB-KRB} 32. Rb1 (32. g4 $14) 32... Rxf2+ $11 33. Kh3 {Threatens to win with a7!} Rd2 34. Bc6 (34. Rb7+ $11 {keeps the balance.} Kf6 35. Rf7+ Ke5 36. Bc6) 34... Rc2 (34... d5 $17) 35. Rb7+ (35. Ba8 $11 {remains equal.}) 35... Kf6 $17 36. Be8 Bg1 {[%csl Gg1][%cal Rc2h2]} 37. g4 {[#]} Ke5 $1 ({Much worse is} 37... Rxh2+ $6 38. Kg3 $11) 38. Rf7 Rxh2+ 39. Kg3 {[#]} f4+ $1 {[%mdl 512]} 40. Rxf4 {[#]} Rh3+ $1 {[%mdl 512]} 41. Kg2 (41. Kxh3 $17 {only move.} Kxf4 42. Kg2) 41... Kxf4 $19 42. Kxg1 {[#] And now a7 would win. KR-KB} Rg3+ $2 (42... e3 $1 $19 {[%cal Re3e2]} 43. Bb5 e2 44. Bxe2 Rc3) 43. Kf1 $11 {aiming for a7.} Rf3+ 44. Ke2 {a7 is the strong threat.} Re3+ 45. Kd2 {Strongly threatening a7.} Rd3+ 46. Kc2 $2 {[%mdl 8192]} (46. Ke2 $11 Re3+ 47. Kd2) 46... Rd5 $19 47. Kb3 Re5 48. Bd7 e3 {( -> ...e2)} 49. Bb5 e2 {Black mates.} 50. a7 Re3+ 51. Kc4 e1=Q {Quite a comeback for Black. Accuracy: White = 59%, Black = 76%.} 0-1

[Event "56th Rubinstein Memorial D 2020"]
[Site "Polanica Zdroj"]
[Date "2020.08.22"]
[Round "8.5"]
[White "Sypien, Natan"]
[Black "Lukasiewicz, Aleksander"]
[Result "0-1"]
[WhiteElo "1794"]
[BlackElo "1960"]
[Annotator "ChessBase"]
[PlyCount "50"]
[EventDate "2020.08.15"]
[EventType "swiss"]
[EventCountry "POL"]
[SourceTitle "playchess.com"]
[Source "ChessBase"]
[SourceQuality "1"]
[TimeControl "40/5400+30:1800+30"]

1. d4 {[%emt 0:00:00]} d5 {[%emt 0:10:58]} 2. c4 {[%emt 0:00:00]} e6 {[%emt 0:00:04]} 3. Nc3 {[%emt 0:00:00]} Be7 {[%emt 0:00:06]} 4. Nf3 {[%emt 0:03:07]} Nf6 {[%emt 0:00:04]} 5. Bg5 {[%emt 0:00:23]} h6 {[%emt 0:00:05]} 6. Bh4 {[%emt 0:01:17]} O-O {[%emt 0:00:07]} 7. e3 {[%emt 0:00:23]} b6 {[%emt 0:00:04]} 8. cxd5 {[%emt 0:00:43]} Nxd5 {[%emt 0:00:04]} 9. Nxd5 {[%emt 0:00:58]} Bxh4 {[%emt 0:07:22]} 10. Nxc7 {[%emt 0:08:01]} Bxf2+ {[%emt 0:00:31]} 11. Kxf2 {[%emt 0:00:02]} Qxc7 {[%emt 0:00:06]} 12. Rc1 {[%emt 0:00:05]} Qe7 {[%emt 0:03:25]} 13. Qc2 {[%emt 0:02:09]} Na6 {[%emt 0:00:17]} 14. a3 {[%emt 0:07:26]} Bb7 {[%emt 0:00:19]} 15. Bxa6 {[%emt 0:00:42]} Bxa6 {[%emt 0:00:05]} 16. Qc7 {[%emt 0:00:02]} Qf6 {[%emt 0:02:38]} 17. Qe5 {[%emt 0:00:06]} Qg6 {[%emt 0:08:35]} 18. Qf4 {[%emt 0:30:08]} Rac8 {[%emt 0:10:35]} 19. Ne5 {[%emt 0:00:48]} Rc2+ {[%emt 0:01:12]} 20. Rxc2 {[%emt 0:01:33]} Qxc2+ {[%emt 0:02:20]} 21. Kg3 {[%emt 0:00:02]} f6 {[%emt 0:16:17]} 22. Nd7 {[%emt 0:05:51]} Qg6+ {[%emt 0:02:35]} 23. Kf2 {[%emt 0:02:08]} Rd8 {[%emt 0:04:34]} 24. Qd6 {[%emt 0:02:46]} Qf5+ {[%emt 0:04:58]} 25. Kg3 {[%emt 0:01:59]} Bb5 {[%emt 0:00:04]} 0-1

[Event "56th Rubinstein Memorial D 2020"]
[Site "Polanica Zdroj"]
[Date "2020.08.22"]
[Round "8.6"]
[White "Borowski, Przemyslaw"]
[Black "Szydelko, Michal"]
[Result "1-0"]
[WhiteElo "1790"]
[BlackElo "1910"]
[Annotator "TA"]
[PlyCount "95"]
[EventDate "2020.08.15"]
[EventType "swiss"]
[EventCountry "POL"]
[SourceTitle "playchess.com"]
[Source "ChessBase"]
[SourceQuality "1"]

{[%evp 23,94,-14,-16,-13,-1,-13,-6,-46,-43,-38,-29,-36,-24,-85,-91,-108,-108,-101,-43,-138,-126,-195,-185,-180,-168,-221,-221,-221,-213,-234,-181,-258,-229,-262,-240,-242,-227,-272,-204,-308,-300,-308,-289,-381,-395,-393,-391,-395,-394,-380,-352,-625,-624,-652,-587,-649,-590,-585,-574,-536,0,0,0,0,0,0,0,0,0,0,0,0,29999]} 1. c4 e5 2. Nc3 Nf6 3. g3 d5 4. cxd5 Nxd5 5. Bg2 Nb6 6. Nf3 Nc6 7. O-O Be7 8. a3 O-O 9. b4 Be6 10. d3 a5 11. b5 Nd4 12. Nxd4 exd4 13. Na4 {A29: English Opening: Four Knights Variation with 4 g3.} Bd5 14. Nxb6 cxb6 15. Qa4 {The position is equal.} Bxg2 16. Kxg2 Qd5+ 17. Kg1 $1 Bc5 $36 {[%mdl 2048] Black has the initiative.} 18. Bb2 (18. Qc4 $11 {remains equal.} Qd7 19. a4) 18... Rfe8 $17 19. Rfe1 Re6 20. Qc4 {[#]} Qd6 $146 ({Better is} 20... Qd7 $17) ({Predecessor:} 20... Qd7 21. Bc1 Rae8 22. Ra2 h5 23. h4 Rg6 24. Bg5 Kh7 25. Kh2 Rge6 26. Kg2 Re5 27. Bf4 R5e7 {1-0 (56) Ranfagni,S (1994)-Pizzuto,S (2099) Gallipoli 2013}) 21. f4 (21. Kg2 $15) 21... Qd7 22. e4 (22. f5 $17 {is a better defense.} Ree8 23. Rac1) 22... dxe3 $19 {...Rc8 is the strong threat.} 23. d4 Bf8 24. Qd3 (24. Re2 $142) 24... Rae8 25. Re2 Qd5 26. Rae1 g6 27. Rxe3 (27. f5 {was necessary.} gxf5 28. Rxe3) 27... Rxe3 28. Rxe3 Rxe3 29. Qxe3 Qxb5 30. Qc3 Qd5 31. a4 (31. Kf2 {was called for.}) 31... Qe4 32. Kf2 h5 33. h4 Bb4 34. Qc8+ Kh7 {White must now prevent ...Be1+.} 35. Qc4 Qe1+ 36. Kf3 Qd1+ 37. Qe2 $2 (37. Kf2 Qe1+ 38. Kf3 Qh1+ 39. Ke3) 37... Qxa4 38. Kf2 Qb3 39. Ba1 Qd5 40. Bb2 b5 41. Qe5 Qa2 $2 (41... Qc4 $19 42. d5 {[#]} f6 $1 {[%mdl 512]} 43. Qxf6 Bc5+ 44. Ke1 Qe4+ 45. Kd1 Qd3+ {[%mdl 64] Double Attack} 46. Ke1 Qxg3+ 47. Kd1 Qf3+ 48. Kc1 Qh1+ 49. Kd2 Qg2+ 50. Kd1 Qxd5+ 51. Ke2 Qe4+ 52. Kd1 Qd5+ 53. Ke1 Bb4+ 54. Kf2 Qc5+ 55. Kf1 Qf8) 42. d5 $11 {[%csl Gb2][%cal Re5h8]} Bc5+ 43. Kg2 $1 {[%csl Gb2][%cal Re5h8] [#]} f6 $1 {[%cal Rf6e5]} 44. Qxf6 {[%csl Gb2][%cal Rf6h8]} Qxd5+ 45. Kh2 {[%csl Gb2][%cal Rf6h8]} Qd2+ 46. Kh3 {[%csl Gb2][%cal Rf6h8]} Qd7+ 47. Kh2 {[%csl Gb2][%cal Rf6h8]} Qe8 $2 {[%mdl 8192]} (47... Qd2+ $11 48. Kh3 Qd7+ 49. Kh2 Qd2+) 48. Qg7# {What a bad dream for Black. Accuracy: White = 46%, Black = 84%.} 1-0

[Event "56th Rubinstein Memorial D 2020"]
[Site "Polanica Zdroj"]
[Date "2020.08.22"]
[Round "8.7"]
[White "Kalkowski, Igor"]
[Black "Pyka, Roman"]
[Result "1-0"]
[WhiteElo "1747"]
[BlackElo "1873"]
[Annotator "NA"]
[PlyCount "41"]
[EventDate "2020.08.15"]
[EventType "swiss"]
[EventCountry "POL"]
[SourceTitle "playchess.com"]
[Source "ChessBase"]
[SourceQuality "1"]
[TimeControl "40/5400+30:1800+30"]

{[%evp 8,38,73,55,54,59,50,40,43,24,37,27,38,14,49,32767,32767,32767,32767,32767,32767,29,32767,32767,219,32767,112,23,32767,32767,32767,32767,829]} 1. e4 {[%emt 0:00:00]} d5 {[%emt 0:00:00]} 2. Nc3 {[%emt 0:00:00]} e6 {[%emt 0:01:10]} 3. d4 {[%emt 0:00:01]} dxe4 {[%emt 0:00:13]} 4. Nxe4 {[%emt 0:00:08]} Bd7 {[%emt 0:00:28]} 5. Nf3 {[%emt 0:01:39]} Bc6 {[%emt 0:00:09]} 6. Bd3 {[%emt 0:00:29]} Nd7 {[%emt 0:00:07]} 7. O-O {[%emt 0:00:31]} Ngf6 {[%emt 0:00:10]} 8. Ng3 {[%emt 0:00:25]} Be7 {[%emt 0:00:37]} 9. Re1 {[%emt 0:06:56]} O-O {[%emt 0:00:10]} 10. c4 {[%emt 0:06:54]} b6 {[%emt 0:00:09]} 11. Bd2 {[%emt 0:21:09]} Bb7 {[%emt 0:02:36]} 12. Bc3 {[%emt 0:00:35]} c5 {[%emt 0:06:41] [#]} 13. d5 $146 {[%emt 0:10:06] C10: French with 3 Nc3: Unusual Black 3rd moves and 3...dxe4.} ({Predecessor:} 13. Qe2 Bxf3 14. Qxf3 cxd4 15. Bxd4 Nc5 16. Bxc5 Bxc5 17. Be4 Rc8 18. Rad1 Qc7 19. a3 Rfd8 20. Rc1 a5 21. Bb7 Rb8 22. Ba6 Rd4 23. Ne2 Rd2 24. Rb1 Qd6 25. g4 Rd8 26. g5 Nd7 {0-1 (26) Rudnev,Y (2159)-Kovalenko,S (2305) Voronezh 2007}) 13... exd5 {[%emt 0:00:40]} 14. Nf5 {[%emt 0:02:14]} Re8 {[%emt 0:03:18]} 15. cxd5 {[%emt 0:02:19]} Bxd5 $2 {[%emt 0:01:02]} (15... Bf8 $1 $14) 16. Nxg7 {[%emt 0:04:55]} Kxg7 {[%emt 0:06:20]} 17. Nh4 {[%emt 0:00:46]} Be6 {[%emt 0:02:12]} 18. Qh5 {[%emt 0:03:31]} Nf8 {[%emt 0:01:11]} 19. Qg5+ {[%emt 0:06:12]} Kh8 $18 {[%emt 0:06:22]} 20. Nf5 {[%emt 0:01:30]} Bxf5 {[%emt 0:05:46]} 21. Rxe7 {[%emt 0:00:15]} 1-0

[Event "56th Rubinstein Memorial D 2020"]
[Site "Polanica Zdroj"]
[Date "2020.08.22"]
[Round "8.8"]
[White "Bienkowski, Zbigniew"]
[Black "Janicki, Rafal"]
[Result "1-0"]
[WhiteElo "1739"]
[BlackElo "1851"]
[Annotator "NA RC"]
[PlyCount "113"]
[EventDate "2020.08.15"]
[EventType "swiss"]
[EventCountry "POL"]
[SourceTitle "playchess.com"]
[Source "ChessBase"]
[SourceQuality "1"]
[TimeControl "40/5400+30:1800+30"]

1. d4 {[%emt 0:00:00]} Nf6 {[%emt 0:00:36]} 2. Nf3 {[%emt 0:00:21]} d5 {[%emt 0:00:56]} 3. Bf4 {[%emt 0:00:16]} e6 {[%emt 0:01:15]} 4. e3 {[%emt 0:00:15]} Bd6 {[%emt 0:00:59]} 5. Bg3 {[%emt 0:00:53]} O-O {[%emt 0:01:05]} 6. Bd3 {[%emt 0:00:14]} b6 {[%emt 0:01:03]} 7. Bh4 {[%emt 0:20:39]} c5 {[%emt 0:11:48]} 8. c3 {[%emt 0:01:08]} Nbd7 {[%emt 0:02:34]} 9. Nbd2 {[%emt 0:10:29]} Bb7 {[%emt 0:07:53]} 10. Qc2 {[%emt 0:05:30]} Qc7 {[%emt 0:02:05]} 11. g4 {[%emt 0:21:56]} (11. Bg3 $15) 11... c4 {[%emt 0:22:17]} 12. Be2 {[%emt 0:00:09]} Ne4 {[%emt 0:05:28]} 13. Nxe4 {[%emt 0:02:48]} dxe4 {[%emt 0:00:06]} 14. Nd2 {[%emt 0:00:14]} Bd5 {[%emt 0:01:11]} 15. Nxe4 {[%emt 0:14:47]} f5 $1 {[%emt 0:01:11]} 16. Nxd6 $15 {[%emt 0:02:36]} Bxh1 {[%emt 0:00:48]} 17. O-O-O {[%emt 0:01:58]} ({Better is} 17. Be7 $15) 17... Bd5 {[%emt 0:05:55]} 18. Be7 {[%emt 0:01:57]} Nf6 {[%emt 0:11:31]} 19. Bxf8 {[%emt 0:00:44]} Rxf8 {[%emt 0:00:06]} 20. g5 {[%emt 0:01:46]} Nd7 {[%emt 0:03:53]} 21. Nb5 {[%emt 0:01:25]} Qxh2 {[%emt 0:01:02]} 22. f4 {[%emt 0:01:00]} Qg3 {[%emt 0:03:34]} 23. Qd2 {[%emt 0:00:05]} Kf7 {[%emt 0:02:39]} 24. Nd6+ {[%emt 0:01:00]} Ke7 {[%emt 0:00:39]} 25. Nxc4 {[%emt 0:00:05]} Rc8 {[%emt 0:01:02]} 26. b3 {[%emt 0:00:57]} a5 {[%emt 0:01:03]} 27. Kb2 {[%emt 0:01:01]} a4 {[%emt 0:00:31]} 28. Ne5 {[%emt 0:00:39]} Nxe5 {[%emt 0:01:24]} 29. dxe5 {[%emt 0:00:07]} axb3 {[%emt 0:01:24]} 30. axb3 {[%emt 0:00:07]} Qf2 {[%emt 0:00:43]} 31. c4 {[%emt 0:01:17]} Bc6 {[%emt 0:00:08]} 32. Rf1 {[%emt 0:03:32]} Qg2 {[%emt 0:00:37]} 33. Rd1 {[%emt 0:00:02]} Qf2 {[%emt 0:00:11]} 34. Qd3 {[%emt 0:00:23]} Qg2 {[%emt 0:02:04]} 35. Rd2 {[%emt 0:00:18]} Qe4 {[%emt 0:02:39]} 36. Qd4 {[%emt 0:02:06]} Qxd4+ {[%emt 0:00:50]} 37. exd4 {[%emt 0:00:07]} Rd8 {[%emt 0:00:21]} 38. Kc3 {[%emt 0:00:04]} h6 {[%emt 0:00:28]} 39. gxh6 {[%emt 0:00:13]} gxh6 {[%emt 0:00:05]} 40. Bh5 {[%emt 0:01:27]} Be4 {[%emt 0:01:12]} 41. Ra2 {[%emt 0:30:39]} Rg8 {[%emt 0:30:28]} 42. Ra7+ {[%emt 0:00:07]} Kd8 {[%emt 0:00:06]} 43. d5 {[%emt 0:01:25]} Rg3+ {[%emt 0:00:53]} 44. Kb4 {[%emt 0:00:01]} Bc2 {[%emt 0:01:05]} 45. Ra8+ {[%emt 0:01:56]} Kc7 {[%emt 0:00:09]} 46. d6+ {[%emt 0:00:03]} Kc6 47. Ra3 {[%emt 0:00:22]} Rh3 {[%emt 0:01:42]} 48. Bf7 {[%emt 0:00:16]} Kd7 {[%emt 0:00:18]} 49. Ra7+ {[%emt 0:00:55]} Kd8 {[%emt 0:00:34]} 50. Ra3 {[%emt 0:01:13]} Kd7 {[%emt 0:00:09]} 51. c5 {[%emt 0:00:21]} bxc5+ {[%emt 0:01:19]} 52. Kxc5 {[%emt 0:00:07]} Rc3+ {[%emt 0:00:54]} 53. Kb4 {[%emt 0:00:29]} Rf3 {[%emt 0:00:32]} 54. Ra7+ {[%emt 0:00:08]} Kc6 {[%emt 0:01:22]} 55. Rc7+ {[%emt 0:00:43]} Kb6 {[%emt 0:00:13]} 56. Rxc2 {[%emt 0:00:11]} Rxf4+ {[%emt 0:00:07]} 57. Rc4 {[%emt 0:00:08]} 1-0

[Event "56th Rubinstein Memorial D 2020"]
[Site "Polanica Zdroj"]
[Date "2020.08.22"]
[Round "8.9"]
[White "Kaczanowski, Pawel"]
[Black "Szczygiel, Jakub"]
[Result "1-0"]
[WhiteElo "1655"]
[BlackElo "1802"]
[Annotator "NA"]
[PlyCount "79"]
[EventDate "2020.08.15"]
[EventType "swiss"]
[EventCountry "POL"]
[SourceTitle "playchess.com"]
[Source "ChessBase"]
[SourceQuality "1"]
[TimeControl "40/5400+30:1800+30"]

1. e4 {[%emt 0:00:00]} c5 {[%emt 0:00:00]} 2. Nf3 {[%emt 0:00:00]} g6 {[%emt 0:00:00]} 3. d4 {[%emt 0:00:00]} cxd4 {[%emt 0:00:00]} 4. Nxd4 {[%emt 0:00:00]} Nc6 {[%emt 0:00:00]} 5. c4 {[%emt 0:00:00]} Bg7 {[%emt 0:00:16]} 6. Be3 {[%emt 0:00:11]} Nf6 {[%emt 0:00:09]} 7. Nc3 {[%emt 0:00:07]} d6 {[%emt 0:00:18]} 8. Be2 {[%emt 0:00:21]} O-O {[%emt 0:00:31]} 9. Qd2 {[%emt 0:01:02]} Nxd4 {[%emt 0:00:24]} 10. Bxd4 {[%emt 0:00:06]} Qa5 {[%emt 0:00:14]} 11. f3 {[%emt 0:02:08]} Be6 {[%emt 0:00:38]} 12. Be3 {[%emt 0:16:35]} Rfc8 {[%emt 0:00:51]} 13. b3 {[%emt 0:01:33]} a6 {[%emt 0:09:25]} 14. Rc1 {[%emt 0:04:18]} b5 {[%emt 0:00:57]} 15. Nd5 {[%emt 0:01:57]} Qxd2+ {[%emt 0:00:52]} 16. Kxd2 {[%emt 0:00:18]} Nxd5 {[%emt 0:00:18]} 17. cxd5 {[%emt 0:10:03]} Bd7 {[%emt 0:00:23]} 18. Rxc8+ {[%emt 0:02:40]} Rxc8 $11 {[%emt 0:00:19]} 19. Rc1 {[%emt 0:00:04]} Rxc1 {[%emt 0:00:21]} 20. Kxc1 {[%emt 0:00:04]} Kf8 {[%emt 0:00:16]} 21. Kc2 {[%emt 0:01:12]} Ke8 {[%emt 0:00:08]} 22. Kd3 {[%emt 0:01:25]} Kd8 {[%emt 0:00:22]} 23. Bd4 {[%emt 0:00:17]} Bxd4 {[%emt 0:00:42]} 24. Kxd4 {[%emt 0:00:05]} Kc7 {[%emt 0:00:31]} 25. b4 {[%emt 0:00:15]} e5+ {[%emt 0:01:30]} 26. dxe6 {[%emt 0:00:38]} Bxe6 {[%emt 0:00:24]} 27. a3 {[%emt 0:00:05]} h6 {[%emt 0:02:09]} 28. f4 {[%emt 0:00:57]} Kc6 {[%emt 0:03:49]} 29. Bf3 {[%emt 0:02:00]} Bc8 {[%emt 0:01:53]} 30. h4 {[%emt 0:03:42]} Kc7 {[%emt 0:02:13]} 31. e5 {[%emt 0:00:43]} Be6 {[%emt 0:00:37]} 32. h5 {[%emt 0:10:18]} Kd7 {[%emt 0:01:03]} 33. hxg6 {[%emt 0:02:38]} fxg6 {[%emt 0:00:10]} 34. Bb7 {[%emt 0:00:53]} g5 {[%emt 0:01:46]} 35. fxg5 {[%emt 0:02:06]} hxg5 {[%emt 0:00:14]} 36. Bxa6 {[%emt 0:09:10]} Kc6 {[%emt 0:00:14]} 37. exd6 {[%emt 0:00:17]} Kb6 {[%emt 0:00:09]} 38. Ke5 {[%emt 0:03:09]} Bd7 {[%emt 0:00:38]} 39. Kf6 {[%emt 0:01:00]} Kxa6 {[%emt 0:01:47]} 40. Ke7 1-0

[Event "56th Rubinstein Memorial D 2020"]
[Site "Polanica Zdroj"]
[Date "2020.08.22"]
[Round "8.10"]
[White "Lisiecki, Robert"]
[Black "Bukala, Weronika"]
[Result "0-1"]
[WhiteElo "1749"]
[BlackElo "1504"]
[Annotator "NA"]
[PlyCount "68"]
[EventDate "2020.08.15"]
[EventType "swiss"]
[EventCountry "POL"]
[SourceTitle "playchess.com"]
[Source "ChessBase"]
[SourceQuality "1"]
[TimeControl "40/5400+30:1800+30"]

1. e4 {[%emt 0:00:00]} c5 {[%emt 0:00:00]} 2. b3 {[%emt 0:00:00]} Nc6 {[%emt 0:00:11]} 3. Bb2 {[%emt 0:00:06]} e6 {[%emt 0:00:25]} 4. Bb5 {[%emt 0:00:15]} Nf6 {[%emt 0:00:50]} 5. d3 {[%emt 0:00:22]} g6 {[%emt 0:01:45]} 6. Bxc6 {[%emt 0:00:20]} bxc6 {[%emt 0:00:13]} 7. Nd2 {[%emt 0:01:46]} Bg7 {[%emt 0:00:47]} 8. f4 {[%emt 0:00:10]} O-O {[%emt 0:02:27]} 9. Qe2 {[%emt 0:00:31]} d5 {[%emt 0:02:35]} 10. O-O-O {[%emt 0:01:21]} Qa5 {[%emt 0:02:51]} 11. Kb1 {[%emt 0:00:16]} Ba6 {[%emt 0:02:23]} 12. g4 {[%emt 0:01:40]} c4 {[%emt 0:03:46]} 13. dxc4 {[%emt 0:02:57]} dxc4 {[%emt 0:00:26]} 14. Nxc4 {[%emt 0:07:30]} Bxc4 {[%emt 0:00:37]} 15. Qxc4 {[%emt 0:00:02]} Nxg4 {[%emt 0:00:40]} 16. Bxg7 {[%emt 0:03:48]} Ne3 {[%emt 0:04:19]} 17. Bc3 {[%emt 0:00:14]} Qh5 {[%emt 0:03:15]} 18. Qd4 {[%emt 0:03:20]} Qxd1+ {[%emt 0:00:21]} 19. Qxd1 {[%emt 0:00:10]} Nxd1 {[%emt 0:00:09]} 20. Bd4 {[%emt 0:00:01]} Rfd8 {[%emt 0:03:53]} 21. Ne2 {[%emt 0:00:25]} c5 {[%emt 0:01:39]} 22. Rxd1 {[%emt 0:00:05]} cxd4 {[%emt 0:00:10]} 23. Rxd4 {[%emt 0:00:01]} Rxd4 {[%emt 0:01:53]} 24. Nxd4 {[%emt 0:00:01]} Rc8 {[%emt 0:00:56]} 25. Kb2 {[%emt 0:00:13]} Rc5 {[%emt 0:00:33]} 26. e5 {[%emt 0:01:52]} g5 {[%emt 0:10:42]} 27. fxg5 {[%emt 0:03:22]} Rxe5 {[%emt 0:00:20]} 28. Nc6 {[%emt 0:00:01]} Rxg5 {[%emt 0:00:14]} 29. Nxa7 {[%emt 0:00:02]} f5 {[%emt 0:02:15]} 30. Nc6 {[%emt 0:00:47]} f4 {[%emt 0:00:30]} 31. Nd4 {[%emt 0:00:10]} e5 {[%emt 0:00:40]} 32. Nf3 {[%emt 0:00:04]} Rh5 {[%emt 0:00:18]} 33. a4 {[%emt 0:00:12]} e4 {[%emt 0:00:11]} 34. Nd4 {[%emt 0:00:01]} f3 {[%emt 0:00:44]} 0-1

[Event "56th Rubinstein Memorial D 2020"]
[Site "Polanica Zdroj"]
[Date "2020.08.22"]
[Round "8.11"]
[White "Kolodziejski, Grzegorz"]
[Black "Szydelko, Kazimierz"]
[Result "1-0"]
[WhiteElo "1550"]
[BlackElo "1713"]
[Annotator "NA"]
[PlyCount "83"]
[EventDate "2020.08.15"]
[EventType "swiss"]
[EventCountry "POL"]
[SourceTitle "playchess.com"]
[Source "ChessBase"]
[SourceQuality "1"]
[TimeControl "40/5400+30:1800+30"]

1. e4 {[%emt 0:00:00]} c5 {[%emt 0:00:00]} 2. Nf3 {[%emt 0:00:00]} e6 {[%emt 0:00:00]} 3. d4 {[%emt 0:00:05]} cxd4 {[%emt 0:00:00]} 4. Nxd4 {[%emt 0:00:21]} Nf6 {[%emt 0:00:05]} 5. Bd3 {[%emt 0:00:35]} Nc6 {[%emt 0:00:46]} 6. Be3 {[%emt 0:00:27]} d5 {[%emt 0:00:51]} 7. exd5 {[%emt 0:04:36]} Nxd4 {[%emt 0:01:37]} 8. Bxd4 {[%emt 0:00:20]} Nxd5 {[%emt 0:05:04]} 9. O-O {[%emt 0:01:09]} Bd7 {[%emt 0:04:03]} 10. Be4 {[%emt 0:00:54]} Bc6 {[%emt 0:00:34]} 11. Nc3 {[%emt 0:00:57]} Qd7 {[%emt 0:04:34]} 12. Nxd5 {[%emt 0:01:54]} Bxd5 {[%emt 0:00:13]} 13. Bxd5 {[%emt 0:00:20]} Qxd5 {[%emt 0:00:25]} 14. Be3 {[%emt 0:00:12]} Qb5 {[%emt 0:01:44]} 15. Qf3 {[%emt 0:06:38]} Be7 {[%emt 0:04:12]} 16. Bd4 {[%emt 0:01:05]} O-O {[%emt 0:01:06]} 17. a4 {[%emt 0:02:55]} Qa6 {[%emt 0:06:03]} 18. Rfd1 {[%emt 0:02:06]} Rac8 {[%emt 0:02:23]} 19. c3 {[%emt 0:01:55]} Rfd8 {[%emt 0:02:06]} 20. b4 {[%emt 0:00:38]} Rd5 {[%emt 0:02:40]} 21. b5 {[%emt 0:00:52]} Qa5 {[%emt 0:02:02]} 22. Qg4 {[%emt 0:05:45]} Rg5 {[%emt 0:01:20]} 23. Qe4 {[%emt 0:00:11]} Qc7 {[%emt 0:06:19]} 24. a5 {[%emt 0:01:01]} Rxb5 {[%emt 0:06:36]} 25. Bxa7 {[%emt 0:00:17]} Qxc3 {[%emt 0:02:12]} 26. Bb6 {[%emt 0:00:22]} Rd5 {[%emt 0:05:02]} 27. g3 {[%emt 0:01:30]} Rc4 {[%emt 0:06:28]} 28. Qe2 {[%emt 0:03:59]} Re5 {[%emt 0:16:54]} 29. Qa2 {[%emt 0:01:40]} Rce4 {[%emt 0:07:12]} 30. Rac1 {[%emt 0:02:15]} Re1+ {[%emt 0:00:47]} 31. Kg2 {[%emt 0:01:22]} Qb4 {[%emt 0:00:47]} 32. Rxe1 {[%emt 0:01:03]} Rxe1 {[%emt 0:00:20]} 33. Rc8+ {[%emt 0:00:17]} Bf8 {[%emt 0:00:23]} 34. Qc2 {[%emt 0:01:40]} Re5 {[%emt 0:03:07]} 35. Qc7 {[%emt 0:02:28]} Qe4+ {[%emt 0:01:07]} 36. f3 {[%emt 0:00:53]} Qe2+ {[%emt 0:03:13]} 37. Bf2 {[%emt 0:00:07]} g6 {[%emt 0:01:48]} 38. Qd8 {[%emt 0:00:16]} Kg7 {[%emt 0:00:42]} 39. Qxf8+ {[%emt 0:00:06]} Kf6 {[%emt 0:00:02]} 40. Qh8+ {[%emt 0:00:24]} Kf5 {[%emt 0:02:41]} 41. Qxh7 {[%emt 0:30:44]} Rxa5 {[%emt 0:31:02]} 42. Qxf7+ {[%emt 0:00:16]} 1-0